Responses for Show #5777 - Tuesday, October 27, 2009

Christine Valada game 2.

Contestants

[<< previous game]

Imran Arif Maskatia, an engineering manager from Hayward, California

Jamison Hedin, a high school librarian from Chicopee, Massachusetts

Christine Valada, a photographer and attorney originally from Walton, New York (whose 1-day cash winnings total $15,201)

[next game >>]

Jeopardy! Round responses

LIVRES EN FRANÇAIS
20 YEARS LATER
INTERNATIONAL MAGAZINES
PHYSICAL SCIENCE
THAT'S RARE
ONE IN A MILLION
(Alex: And each correct response will be a word whose letters are found in "million".)
    $200 6
Little House on the Prairie

Jamison
    $200 7
Arnold Schwarzenegger

Christine
    $200 21
Canada

Jamison
    $200 26
(Alex: Less than a minute now.)

Foucault

Jamison
    $200 16
the Speaker of the House

Christine
    $200 1
oil

Jamison
    $400 8
A Christmas Carol

Imran
    $400 11
Paula Abdul

Imran
    $400 22
Japanese

Christine
    $400 27
a chain reaction

Imran
    $400 17
emerald

Christine
    $400 2
the loin

Christine
    $600 9
The Sun Also Rises

Imran
    $600 13
Ted Danson

Jamison
    $600 23
(Imran: What is checkers?)

chess

ChristineImran
    $600 28
force

Christine
    $600 18
(Christine: What is iguana?)

reptiles

Christine
Triple Stumper
    $600 3
ill

Imran
    $800 10
(Imran: For Always.)
(Alex: No. Jamison.)
(Imran: What is For Always?)

Forever

JamisonImran
    $800 14
Sonny Bono

Christine
    $800 24
¡Hola!

Imran
    $800 29
the Heisenberg uncertainty principle

Imran
    $800 19
truffles

Imran
    $800 4
lion

Jamison
    $1000 12
Wuthering Heights

Triple Stumper
    $1000 15
(Imran: Who is Tom Hanks?)
...
(Alex: [*] directed. Tom Hanks starred in Splash.)

Ron Howard

JamisonImran
    $2,200 25
Greece (Greek accepted)

Imran
    $1000 30
the Brownian movement

Triple Stumper
    $1000 20
the Vatican Library

Christine
    $1000 5
nil

Imran

Scores at the first commercial break (after clue 15):

Christine Jamison Imran
$1,400 $3,600 $1,200

Scores at the end of the Jeopardy! Round:

Christine Jamison Imran
$4,000 $4,000 $5,600

Double Jeopardy! Round responses

ECONOMISTS
HOCKEY QUOTES
MY CHARLEMAGNE MAN
NEW ORLEANS CUISINE
STATE THE NATIONAL PARK
(Alex: Give us the state.)
"P.M."
    $400 21
happiness

Imran
    $400 24
Rodney Dangerfield

Imran
    $400 16
the Franks

Jamison
    $400 11
(Jamison: What are oysters?)

gumbo

Jamison
Triple Stumper
    $400 1
Wyoming

Christine
    $400 6
precious metal

Christine
    $800 22
Adam Smith

Triple Stumper
    $800 25
Gretzky

Jamison
    $800 17
Louis

Imran
    $800 12
andouille

Triple Stumper
    $800 2
(Imran: What is Oregon?)
(Christine: What is New Mexico?)

Texas

ChristineImran
Triple Stumper
    $800 7
the praying mantis

Christine
    $1200 23
(Alex: A minute to go now, Imran.)

Arthur Laffer

Triple Stumper
    $1200 26
the New York Rangers

Christine
    $2,000 18
the pound

Imran
    $1200 13
a king cake

Jamison
    $1200 3
Virginia

Christine
    $1200 8
parking meters

Jamison
    $2,000 27
(Christine: Who is Greenspan?)
[The end-of-round signal sounds.]

Milton Friedman

Christine
    $1600 19
(Jamison: What is the Ottoman Empire?)

Spain

ChristineJamison
    $1600 14
beignets

Imran
    $1600 4
New Mexico

Christine
    $1600 9
the Prime Meridian

Jamison
    $2000 20
Pippin the Short

Christine
    $2000 15
(Jamison: What is champagne?)

liquor

ChristineJamison
    $2000 5
Tennessee (North Carolina accepted)

Christine
    $2000 10
peat moss

Jamison

Scores at the end of the Double Jeopardy! Round:

Christine Jamison Imran
$14,400 $7,200 $10,000

[wagering suggestions for these scores]

Final Jeopardy! Round responses

LANDMARKS
(Alex: Franco was wobbly on it.)
...
(Alex: Now you're gonna get even more emotional.)
(Christine: I am.)
JamisonWhat is Puerto Rico?
$3,700
ImranWhat is Gibraltar?
$999
ChristineWhat is The Rock of Gibralter?
$6,601
Gibraltar

Final scores:

Christine Jamison Imran
$21,001 $3,500 $10,999
2-day champion: $36,202 3rd place: $1,000 2nd place: $2,000

Game dynamics:

Coryat scores:

Christine Jamison Imran
$16,400 $7,200 $8,000
19 R,
3 W
(including 1 DD)
14 R,
3 W
15 R
(including 2 DDs),
4 W

Combined Coryat: $31,600

[game clues] [game scores] [suggest correction]

Game tape date: 2009-09-29
The J! Archive is created by fans, for fans. Scraping, republication, monetization, and malicious use prohibited; this site may use cookies and collect identifying information. See terms. The Jeopardy! game show and all elements thereof, including but not limited to copyright and trademark thereto, are the property of Jeopardy Productions, Inc. and are protected under law. This website is not affiliated with, sponsored by, or operated by Jeopardy Productions, Inc. Join the discussion at JBoard.tv.